000 00425ntaaa2200169 4500
003 01
005 20251027201945.0
008 0714s1973 ag 01
040 _aAR-BaBN
_bspa
_cAR-BaBN
_eaacr
_dRIC
082 _a248.0000 L41
100 _aLaw, William
_918150
245 _aSerious call to a devout and holy life
250 _a1 ed. :
_bRiverside Press,
_cn.f.
300 _a175 p.
650 _aVida Cristiana
942 _cBK
999 _c14315
_d14315